Normal view
MARC view
- الديناميكا-الميكانيكا
Entry Topical Term
001 - CONTROL NUMBER
- control field: 8641
003 - CONTROL NUMBER IDENTIFIER
- control field: JO-AjAnu
005 - DATE AND TIME OF LATEST TRANSACTION
- control field: 20230606071707.0
008 - FIXED-LENGTH DATA ELEMENTS
- fixed length control field: 230606|| aca||aabn | a|a d
040 ## - CATALOGING SOURCE
- Original cataloging agency: JO-AjAnu
- Transcribing agency: JO-AjAnu
150 ## - HEADING--TOPICAL TERM
- Topical term or geographic name entry element: الديناميكا-الميكانيكا
670 ## - SOURCE DATA FOUND
- Source citation: Work cat.: (JO-AjAnu)4460: صبري ، عفاف احمد, author 8640, ديناميكا مجموعة الاجسام في بعدين و الميكانيكا في ثلاثة ابعاد